Регионална библиотека "Любен Каравелов" - Русе

Архетипови мотиви във вълшебните приказки (Запис номер 108929)

MARC детайли
000 -Лидер
Контролно поле с фиксирана дължина 02033nam a2200445 c 4500
003 - Код на организацията, давaща контролен номер
Контролно поле BLK
005 - Дата и час на последна редакция
Контролно поле 20250508094601.0
008 - Елементи от данни с фиксирана дължина
fixed length control field 180409b bul|||||r ||||||| ||bul||
010 ## - Наследен системен номер
LC control number KNG00114240000
020 ## - Международен стандартен номер на книга ISBN
Международен стандартен номер на книга ISBN 954-9933-34-2
-- издат.: Леге Артис
040 ## - Източник на каталожния запис
Идентификатор на билиотеката - собственик на записа BLK
041 ## - Код за език
Код за езика на текст/звукозапис или на отделно заглавие Български
Код за езика КДБФ Български
080 ## - УДК
Текстов определител УДК Народни приказки
УДК код - определител по УДК 398.21
УДК определител :159.964.2
УДК - код + определител 398.21:159.964.2
080 ## - УДК
Текстов определител УДК Писменост. Системи на писмо. Знаци и символи. Кодове. Графическо представяне на мисълта. Вж и 744. 9; 801. Семиотика(общи въпр. )
УДК код - определител по УДК 003
УДК определител
УДК - код + определител 003
080 ## - УДК
Текстов определител УДК Психоанализа
УДК код - определител по УДК 159.964.2
УДК определител
УДК - код + определител 159.964.2
100 1# - Редна дума - Автор
Автор Франц, Мари-Луиз фон
Авторска отговорност първи автор
R(LIN) 368647
139 ## - Редно поле
Редна дума Франц, Мари-Луиз фон
Авторски знак Франс - Ф 78
245 10 - Сведения за заглавието
Заглавие Архетипови мотиви във вълшебните приказки
Редно поле (дума) Мари-Луиз фон Франц; прев. Бистра Константинова Василева.
257 ## - Страна на издаване
Страна на създаване/издаване Канада
260 ## - Област на издателските данни
-- Плевен
Име на издателя, разпространителя и проч. Леге Артис
Година на издаване 2003
Печатница София : Вулкан
300 ## - Физическа характеристика
Страници 248 с.
Размери/Мащаб 19 см
380 ## - Жанр
Жанр Обществени науки
490 1# - СЕРИИ (Колекции)
Име на серия К. Г. Юнг последователи
500 ## - Общи забележки
Забележка Ориг. загл. Archetypal Patterns in Fairy Tales / Marie-Louise von Franz. - Офс. изд.
650 #4 - Допълнително описание по предмет – тема
Основно описание – тема или топоним Приказки - теми, образи, сюжети
9 (RLIN) 262981
650 #4 - Допълнително описание по предмет – тема
Основно описание – тема или топоним Символи и знаци
9 (RLIN) 247835
650 #4 - Допълнително описание по предмет – тема
Основно описание – тема или топоним Психоанализа
9 (RLIN) 168303
653 ## - Ключова дума – ненормативна
Ключова дума приказки
653 ## - Ключова дума – ненормативна
Ключова дума теми
653 ## - Ключова дума – ненормативна
Ключова дума сюжети
653 ## - Ключова дума – ненормативна
Ключова дума вълшебни приказки
653 ## - Ключова дума – ненормативна
Ключова дума психоанализа
700 1# - Други автори (авторска отговорност)
Лично име Василева, Бистра Константинова
Автороска отговорност (Описва отношението между автора и произведението) прев.
9 (RLIN) 375596
852 ## - Местоположение
Форматна сигнатура Цб 220437
856 4# - Електронен адрес и достъп
Електронен формат pdf - файл
Път до файла /url/
856 4# - Електронен адрес и достъп
Електронен формат pdf - файл
Път до файла /url/
942 ## - АРТИКУЛИ
Вид на библиотечния материал Книги
Скрит в OPAC Не
Koha issues (borrowed), all copies 3
944 ## - СЪЗДАВАНЕ И РЕДАКЦИЯ на ЗАПИСА
Създаване/Редакция Създаване
Дата на регистрацията/редакция 16.07.2004
Служител, извършил регистрацията/редакцията 30542
Статус, дата на статуса Русанова Ирена
944 ## - СЪЗДАВАНЕ И РЕДАКЦИЯ на ЗАПИСА
Създаване/Редакция Редакция
Дата на регистрацията/редакция 28.03.2005
Служител, извършил регистрацията/редакцията
999 ## - СИСТЕМНИ КОНТРОЛНИ НОМЕРА
Koha biblionumber 108929
Koha biblioitemnumber 108929
Наличности
Код за отписване Код за изгубен артикул Код за повреда Коз за рестрикции Код за отдаване Артикулен № Име на библиотеката - собственик Име на библиотеката, в която се намира в момента Статус (Текущо местоположение) Дата на вписване в системата Местоположение - отдел Цена в лева Инвентарен номер Систематично азбучна сигнатура Баркод Номер на екземпляра Цена в евро Служебна бележка Служебен тип на артикула
  Не е изгубен Не е повреден без рестрикции ползва се в читалня 175454 Регионална библиотека "Любен Каравелов" Русе Регионална библиотека "Любен Каравелов" Русе Хранилище 2004-07-16 Хранилище 7.50 120000687092 Цб 220437 120000687092 1 3.83 Дост: Dp Вид: Д N: 39 Дата: 17.09.2003 Книги
  Не е изгубен Не е повреден без рестрикции заемане за дома 175455 Регионална библиотека "Любен Каравелов" Русе Регионална библиотека "Любен Каравелов" Русе Заемна - подръчен фонд 2004-09-14 Заемна - подръчен фонд 7.50 120000688317 П 398/Ф 78 120000688317 2 3.83 Дост: Pk Вид: Ф N: 8882 Дата: 03.09.2004 Дата инв: 08.02.2018 Бележки инв: П2018 Книги
  Не е изгубен Не е повреден без рестрикции заемане за дома 175456 Регионална библиотека "Любен Каравелов" Русе Регионална библиотека "Любен Каравелов" Русе Заемна - подръчен фонд 2004-09-14 Заемна - подръчен фонд 7.50 120000688318 П 398/Ф 78 120000688318 3 3.83 Дост: Pk Вид: Ф N: 8882 Дата: 03.09.2004 Дата инв: 20.02.2018 Бележки инв: П2018 Книги
  Не е изгубен Не е повреден без рестрикции заемане за дома 175457 Регионална библиотека "Любен Каравелов" Русе Регионална библиотека "Любен Каравелов" Русе Заемна - подръчен фонд 2004-09-14 Заемна - подръчен фонд 7.50 120000688319 П 398/Ф 78 120000688319 4 3.83 Дост: Pk Вид: Ф N: 8882 Дата: 03.09.2004 Дата инв: 08.02.2018 Бележки инв: П2018 Книги
Vip Innovations Ltd, Rousse, Bulgaria 2025